|
|
|
|
| LEADER |
00000cam a2200000 a 4500 |
| 001 |
vtls001107677 |
| 003 |
SK-MaSNL |
| 005 |
20260301193912.0 |
| 008 |
250313s1979 xo a np 000 f slo |
| 015 |
|
|
|a SNBA1980
|
| 035 |
|
|
|a SNK000050519
|
| 035 |
|
|
|a urn:nbn:sk:snk-amkees
|
| 035 |
|
|
|a urn:nbn:sk:snk-am0088x9
|
| 035 |
|
|
|a 54F48A0E-99B1-415E-8AC4-1E3838BFCB2C
|
| 040 |
|
|
|a SNK
|b slo
|c SNK
|e AACR2
|
| 041 |
0 |
|
|a slo
|
| 044 |
|
|
|a xo
|c SK
|
| 080 |
|
|
|a 82:37(075.8)
|2 1981
|
| 080 |
|
|
|a 37(075.8)
|2 1981
|
| 100 |
1 |
|
|a Obert, Viliam,
|d 1940-2005
|4 aut
|9 103681
|
| 245 |
1 |
0 |
|a Problémy didaktiky literatúry
|c Viliam Obert
|
| 250 |
|
|
|a 1. vyd.
|
| 260 |
|
|
|a Bratislava
|b Slovenské pedagogické nakladateľstvo
|a Nitra
|b Pedagogická fakulta
|c 1979
|
| 300 |
|
|
|a 143 s.
|b sch., tab.
|c 29 cm
|
| 366 |
|
|
|e 650 výt.
|
| 490 |
1 |
|
|a Vysokoškolské učebné texty
|
| 504 |
|
|
|a Bibliogr.
|
| 650 |
0 |
7 |
|a literárna výchova
|2 SNKPH
|9 1653
|
| 650 |
0 |
7 |
|a didaktika literatúry
|2 SNK
|9 73475
|
| 650 |
0 |
7 |
|a literárna komunikácia
|2 SNK
|9 71537
|
| 655 |
|
7 |
|a učebnice vysokých škôl
|2 SNKPH
|9 70191
|
| 810 |
2 |
|
|a Pedagogická fakulta v Nitre
|t Vysokoškolské učebné texty
|9 276790
|
| 830 |
|
0 |
|a Vysokoškolské učebné texty
|9 276539
|
| 852 |
|
|
|a Slovenská národná knižnica
|
| 958 |
|
|
|a NB
|
| 958 |
|
|
|a OND
|
| 999 |
|
|
|c 879613
|d 881543
|
| 952 |
|
|
|t P60, <04>, [BOOK], {604}
|a SNK
|b SNK
|y VYP
|7 0
|p 17A0366676
|o snkSB 28837 D1
|i snkKSP 6362/79
|3 podčiarknutý text ceruzkou
|0 0
|1 0
|4 0
|d 2002-11-27
|l 2
|r 2026-04-13 15:43:10
|s 2026-03-16
|w 2026-02-24
|
| 952 |
|
|
|a SNK
|b SNK
|y PREZ
|7 0
|p 17A0972613
|o snkSB 28837
|i snkKSP 6361/79
|0 0
|1 0
|4 0
|d 2012-07-30
|f 1
|l 0
|r 2026-02-24 06:12:00
|w 2026-02-24
|